000 00252nam a22000977a 4500
999 _c523391
_d523391
020 _cAvailable
082 _a541.39 STE
245 _aChemical Kinetics And Dynamics
_cSteinfeld Jeffrey I
942 _2ddc